000 01758nam0a2200385 4500
001 RU\NLR\bibl\319909
005 20250621142638.0
010 _a5-93639-020-9
_93000
021 _aRU
_b2002-32100
_91588
035 _a(NLR Aleph) 000314970
090 _a61112
_c61112
100 _a20021008d2002 |||y0rusy50 ca
101 0 _arus
102 _aRU
105 _ay |||||||||
200 1 _aИзбирательные споры: возникновение, разрешение, предупреждение
_fЕ. П. Ищенко, А. Е. Ищенко
_gРос. центр обучения избират. технологиям при Центр. избират. комис. Рос. Федерации
210 _aМ.
_cРЦОИТ
_d2002
215 _a139,[1] с.
_d21
225 1 _aИздательская серия "Прикладная юриспруденция"
320 _aБиблиогр.: с. 135-138
606 0 _aИзбирательные споры
_yРоссийская Федерация
_92263080
_3RU\NLR\auth\661356775
610 0 _aИзбирательное право граждан Российской Федерации - Нарушения - Судебное разбирательство
610 0 _aИзбирательные комиссии - Правовое положение
675 _a342.8
_v3
_zrus
686 _a10.15
_2rugasnti
686 _a67.400.5
_2rubbk
686 _aХ620.5-383
700 1 _aИщенко
_bЕ. П.
_gЕвгений Петрович
_4070
701 1 _aИщенко
_bА. Е.
_gАндрей Евгеньевич
_4070
801 0 _aRU
_bRKP
_c20021008
_gPSBO
801 1 _aRU
_bRKP
_c20021008
801 2 _aRU
_bNLR
_c20021104
_grcr
942 _cBOOK
980 _aNB